Loading...
| Science - Other | 0 | 6 | 1 | 1 | 55 | 42 | 69.67 | 3 | 5 | 24.92 | 47.32 |
| Science - Physics | 0 | 6 | 2 | 2 | 50 | 50 | 72.00 | 0 | 1 | 19.94 | 26.07 |
| Mythology | 0 | 4 | 0 | 1 | 40 | 36 | 65.00 | 1 | 3 | 17.22 | 25.71 |
| Science - Biology | 0 | 4 | 0 | 0 | 40 | 49 | 62.00 | 2 | 2 | 14.49 | 30.00 |
| Religion | 0 | 4 | 0 | 1 | 40 | 56 | 72.75 | 1 | 4 | 14.10 | 25.89 |
| Social Science | 0 | 3 | 0 | 0 | 30 | 24 | 45.33 | 2 | 3 | 20.30 | 35.94 |
| Literature - World | 0 | 3 | 0 | 0 | 30 | 36 | 42.33 | 3 | 3 | 18.58 | 30.00 |
| Philosophy | 0 | 3 | 0 | 0 | 30 | 31 | 61.67 | 1 | 1 | 15.43 | 24.33 |
| Literature - European | 0 | 3 | 1 | 0 | 25 | 48 | 70.67 | 2 | 2 | 12.00 | 26.25 |
| Literature - British | 0 | 2 | 0 | 0 | 20 | 14 | 67.00 | 1 | 2 | 5.83 | 10.83 |
| Literature - American | 0 | 2 | 0 | 0 | 20 | 81 | 96.50 | 0 | 1 | 7.85 | 25.00 |
| Popular Culture | 0 | 1 | 0 | 0 | 10 | 61 | 61.00 | 0 | 0 | 9.92 | 10.00 |
| Fine Arts - Classical Music | 0 | 1 | 0 | 0 | 10 | 78 | 78.00 | 0 | 1 | 3.39 | 8.75 |
| History - Other | 0 | 1 | 1 | 1 | 5 | 110 | 110.00 | 0 | 0 | 0.43 | 3.75 |
| Science - Chemistry | 0 | 0 | 1 | 0 | -5 | 0.00 | 0 | 0 | 0.00 | 0.00 | |
| Fine Arts - Painting and Sculpture | 0 | 0 | 2 | 0 | -10 | 0.00 | 0 | 0 | 0.00 | 0.00 | |
| History - World | 0 | 0 | 2 | 0 | -10 | 0.00 | 0 | 0 | 0.00 | 0.00 |